000 00900nam a2200253Ii 4500
003 JO-AjNU
005 20240114103240.0
008 230605s9999||||xx |||||||||||||| ||und||
017 _a2021/6/3230
020 _a978-9923-39-065-8
040 _aJO-AjNU
_bara
_erda
_cJO-AjNU
041 _aara
050 1 4 _aPJ7519.2022
100 3 _aكاظم، عدي علي، م. مشارك جيهان محمد الشندويلي,
_eauthor
_962931
245 0 0 _aصورة المرأة المتمردة في الادب العربي
250 _aط1
264 3 1 _aعمان: دار كفاءة المعرفة للنشر والتوزيع، 2022
300 _a108ص
336 _atext
_btxt
_2rdacontent
337 _aunmediated
_bn
_2rdamedia
338 _avolume
_bnc
_2rdacarrier
650 4 _aالادب العربي-المرأة-الدراسات الادبية-العصر الحديث
_962932
942 _2lcc
_cBK
999 _c32088
_d32088